000 00357nam a22001337a 4500
020 _qHB.
040 _cFIZZA ISHAQ
082 _a530
_bRON
100 _aREESE,RONALD.
_9131929
245 _aUNIVERSITY PHYSICS /
_cRONALD REESE.
260 _aNEW YORK:
_bBrooks/COLE Publishing Company,
_c2000.
300 _a1267 P. ; INDEX INC A .1 C.3
942 _2ddc
_cBK
999 _c615363
_d615363